France-- Weird General Knowledge - Statistics

General Stats
  • This quiz has been taken 55 times
  • The average score is 3 of 10
Answer Stats
Question Answer % Correct
40% of what on the radio has to be French? Music
65%
What shape is France considered as? Hexagon
57%
Which landmark are you not allowed to take photos of without permission if you are a professional photographer? Eiffel Tower
43%
Which country actually invented the croissant? Austria
39%
Turning what bakery good upside down in France is considered unlucky? Baguette
39%
What percentage of modern English words have French origins? 45%
22%
Which animal species is still employed by the French army? Carrier Pigeons
17%
What smoking-related paraphernalia is considered a deadly weapon in France? Ashtray
4%
Which municipality banned mosquitoes from being in town? Briollay
2%
In which town was a municipal law passed that forbid UFO's from landing there as a marketing ploy? Chateauneuf-du-Pape
2%
No matching quizzes found
Score Distribution
Percent of People with Each Score
Percentile by Number Answered
Your Score History
You have not taken this quiz